[Event "Landesliga Nord 1213 U20"]
[Site "Bayern"]
[Date "2012.10.20"]
[Round "1.3"]
[White "Uhlmann, Andreas"]
[Black "Ruehl, Sebastian"]
[Result "1-0"]
[WhiteElo "1579"]
[BlackElo "1515"]
[PlyCount "61"]
[EventDate "2012.10.20"]
[EventType "team-tourn"]
[EventRounds "7"]
[EventCountry "GER"]
[SourceTitle "EXT 2020"]
[Source "ChessBase"]
[SourceDate "2019.10.17"]
[SourceVersion "1"]
[SourceVersionDate "2019.10.17"]
[SourceQuality "1"]
[WhiteTeam "Bechhofen U20"]
[BlackTeam "Koetz/Ichenhausen U20"]
[WhiteTeamCountry "GER"]
[BlackTeamCountry "GER"]

1. d4 d5 2. Nf3 Bg4 3. e3 Nf6 4. Be2 Nbd7 5. b3 e6 6. 0-0 Bd6 7. Bb2 0-0 8. Nbd2 c6 9. Ne5 Bxe2 10. Qxe2 Qc7 11. f4 c5 12. c4 cxd4 13. exd4 b6 14. a3 Rfd8 15. Rac1 Rac8 16. cxd5 Qb7 17. dxe6 fxe6 18. Nec4 Qd5 19. Nxd6 Rxc1 20. Rxc1 Qxd6 21. Nc4 Qe7 22. a4 Nd5 23. g3 Rc8 24. Ba3 Qf6 25. Qd2 a6 26. Ne5 Rxc1+ 27. Qxc1 Qd8 28. Qc6 Nxe5 29. dxe5 Kf7 30. Bd6 Ne7 31. Qb7 1-0

[Event "Landesliga U20 Sued 1112"]
[Site "Bayern"]
[Date "2011.12.03"]
[Round "2.3"]
[White "Hilger, Sebastian"]
[Black "Ruehl, Sebastian"]
[Result "0-1"]
[WhiteElo "1290"]
[BlackElo "1546"]
[PlyCount "78"]
[EventDate "2011.11.12"]
[EventType "team-tourn"]
[EventRounds "7"]
[EventCountry "GER"]
[SourceTitle "EXT 2022"]
[Source "ChessBase"]
[SourceDate "2021.10.06"]
[SourceVersion "1"]
[SourceVersionDate "2021.10.06"]
[SourceQuality "1"]
[WhiteTeam "Vaterstetten SC U20 II"]
[BlackTeam "Koetz/Ichenhausen U20"]
[WhiteTeamCountry "GER"]
[BlackTeamCountry "GER"]

1. e4 e6 2. d4 d5 3. exd5 exd5 4. Nc3 Nf6 5. Bd3 Bb4 6. Nf3 0-0 7. 0-0 Bg4 8. Be3 c6 9. a3 Bd6 10. Qd2 Bxf3 11. gxf3 Nbd7 12. Kh1 Qc7 13. f4 Nh5 14. Ne2 b6 15. Rg1 c5 16. c3 f5 17. Rg5 g6 18. Rag1 Kh8 19. Bc2 c4 20. Bb1 Rae8 21. Rf1 Ndf6 22. h3 Ne4 23. Bxe4 Rxe4 24. Ng3 Nxg3+ 25. Rxg3 Bxf4 26. Bxf4 Qxf4 27. Qxf4 Rxf4 28. Re3 Re4 29. Rfe1 Rfe8 30. Kg2 Rxe3 31. Rxe3 Rxe3 32. fxe3 Kg7 33. Kg3 g5 34. Kf3 h5 35. Kg3 Kg6 36. Kf3 h4 37. Kg2 g4 38. Kh2 Kg5 39. Kg2 f4 0-1

[Event "Landesliga U20 Sued 1011"]
[Site "Bayern"]
[Date "2011.04.02"]
[Round "7.3"]
[White "Ruehl, Sebastian"]
[Black "Auer, Christoph"]
[Result "1-0"]
[WhiteElo "1537"]
[BlackElo "1127"]
[PlyCount "41"]
[EventDate "2010.10.16"]
[EventType "team-tourn"]
[EventRounds "7"]
[EventCountry "GER"]
[SourceTitle "EXT 2022"]
[Source "ChessBase"]
[SourceDate "2021.10.06"]
[SourceVersion "1"]
[SourceVersionDate "2021.10.06"]
[SourceQuality "1"]
[WhiteTeam "Koetz/Ichenhausen U20"]
[BlackTeam "Ortenburg U20"]
[WhiteTeamCountry "GER"]
[BlackTeamCountry "GER"]

1. c4 e5 2. Nc3 Nc6 3. g3 Nf6 4. Bg2 Bc5 5. Nf3 d6 6. 0-0 Be6 7. b3 Nd4 8. Bb2 Nxf3+ 9. Bxf3 h5 10. Bxb7 Rb8 11. Bc6+ Nd7 12. e3 h4 13. d4 exd4 14. exd4 Bb6 15. Na4 a5 16. Nxb6 Rxb6 17. d5 Bh3 18. Bxg7 Rg8 19. Re1+ Be6 20. dxe6 Rxc6 21. exd7+ 1-0